| 000 | 01584nam a2200409 a 4500 | ||
|---|---|---|---|
| 003 | BLK | ||
| 005 | 20250510153350.0 | ||
| 008 | 180411b bul|||||r ||||||| ||bul|| | ||
| 020 | _a3800083821199 | ||
| 020 | _a9786191992195 | ||
| 040 | _aBLK | ||
| 041 |
_aBUL _cBUL |
||
| 072 | 7 |
_2bullib _aН85 _xДетска художествена литература Н |
|
| 080 |
_aАнглийска литература _b821.111 _x-93-312.9 _z821.111-93-312.9 |
||
| 100 | 1 |
_aБас, Гай _eпърви автор _9348992 |
|
| 139 |
_aБас, Гай _bБ 27 |
||
| 245 | 1 | 0 |
_aКърпена глава _bКн. 1 - _cГай Бас; прев. Ирина Борисова Манушева; ил. Pete Williamson. _nКн. 1 |
| 257 | _aGBR | ||
| 260 |
_c2017 _fСофия : Мултипринт _9209475 _aСофия _bФют _n978-619-199- ; 978-954-625- |
||
| 300 | _c20 см | ||
| 380 | _aDX | ||
| 500 | _aОриг. загл.: Stitch head / Guy Bass. - Името на прев. отбелязано в изд. каре | ||
| 653 |
_9200736 _aчудовища |
||
| 653 |
_9199837 _aХелоуин |
||
| 700 | 1 |
_aМанушева, Ирина Борисова _9368041 |
|
| 700 |
_aУилямсън, Пит _eил. _9480069 |
||
| 760 | 1 |
_aБас, Гай _dФют, 2017 _h191 с. : с ил. _tКн. 1 |
|
| 852 | _aЦб 286541 | ||
| 856 | 4 | _qpdf | |
| 856 | 4 | _qpdf | |
| 942 |
_cKNG _n0 _039 _s1 |
||
| 944 |
_aCR _c17.11.2017 _k30564 _lАнна Гръцманова |
||
| 944 |
_aED _c17.01.2018 _kГрета_Цуфелде |
||
| 999 |
_c204769 _d204769 |
||
| 999 | _d204769 | ||
| 999 | _d204769 | ||
| 999 | _d204769 | ||